<?xml version="1.0" encoding="UTF-8"?>
<record
    xmlns:xsi="http://www.w3.org/2001/XMLSchema-instance"
    xsi:schemaLocation="http://www.loc.gov/MARC21/slim http://www.loc.gov/standards/marcxml/schema/MARC21slim.xsd"
    xmlns="http://www.loc.gov/MARC21/slim">

  <leader>01283nam a2200193 a 4500</leader>
  <datafield tag="090" ind1=" " ind2=" ">
    <subfield code="a">IAVH</subfield>
    <subfield code="b">00623</subfield>
  </datafield>
  <datafield tag="041" ind1=" " ind2=" ">
    <subfield code="a">spa</subfield>
  </datafield>
  <datafield tag="100" ind1=" " ind2=" ">
    <subfield code="a">Barrios Leal, Dora Yovana </subfield>
    <subfield code="9">5083</subfield>
  </datafield>
  <datafield tag="245" ind1=" " ind2=" ">
    <subfield code="a">Evaluaci&#xF3;n gen&#xE9;tica de los bosques de roble (Quercus humboldtii) en la jurisdicci&#xF3;n de la l&#xED;nea de investigaci&#xF3;n en Conservaci&#xF3;n de la Biodiversidad en Paisajes Rurales</subfield>
  </datafield>
  <datafield tag="260" ind1=" " ind2=" ">
    <subfield code="a">Cali</subfield>
    <subfield code="b">Instituto Alexander von Humboldt</subfield>
    <subfield code="c">2005</subfield>
  </datafield>
  <datafield tag="300" ind1=" " ind2=" ">
    <subfield code="a">27  p.</subfield>
  </datafield>
  <datafield tag="520" ind1=" " ind2=" ">
    <subfield code="a">Se realiz&#xF3; un an&#xE1;lisis global de la diversidad gen&#xE9;tica del roble andino Q. humboldtii recurriendo a la t&#xE9;cnica de marcadores microsat&#xE9;lites, dise&#xF1;ados para los robles rojos del hemisferio norte para estimar con precisi&#xF3;n los procesos gen&#xE9;ticos -diversidad gen&#xE9;tica, estructura gen&#xE9;tica y flujo de genes- en poblaciones representativas. Se evaluaron cinco poblaciones y ocho loci microsatelitales. Los resultados obtenidos sugieren una alta diversidad y una baja estructura gen&#xE9;tica en las cinco poblaciones muestreadas, indicando una alta tasa de flujo gen&#xE9;tico entre las poblaciones.</subfield>
  </datafield>
  <datafield tag="650" ind1=" " ind2=" ">
    <subfield code="a">Microsat&#xE9;lites</subfield>
    <subfield code="9">75506</subfield>
  </datafield>
  <datafield tag="650" ind1=" " ind2=" ">
    <subfield code="a">Diversidad gen&#xE9;tica</subfield>
    <subfield code="9">2003</subfield>
  </datafield>
  <datafield tag="650" ind1=" " ind2=" ">
    <subfield code="a">Estructura gen&#xE9;tica</subfield>
    <subfield code="9">12347</subfield>
  </datafield>
  <datafield tag="650" ind1=" " ind2=" ">
    <subfield code="a">Paisajes rurales</subfield>
    <subfield code="9">2419</subfield>
  </datafield>
  <datafield tag="650" ind1=" " ind2=" ">
    <subfield code="a">Conservaci&#xF3;n de biodiversidad</subfield>
    <subfield code="9">345</subfield>
  </datafield>
  <datafield tag="945" ind1=" " ind2=" ">
    <subfield code="d">2007-08-16</subfield>
  </datafield>
  <datafield tag="999" ind1=" " ind2=" ">
    <subfield code="c">6128</subfield>
    <subfield code="d">6128</subfield>
  </datafield>
</record>
